POWER ELECTROICS CONVERTERS, AC-AC CONVERSION (Record no. 573892)
[ view plain ]
| 000 -LEADER | |
|---|---|
| fixed length control field | 00332nam a22001217a 4500 |
| 020 ## - INTERNATIONAL STANDARD BOOK NUMBER | |
| International Standard Book Number | 0-946536-24-4 |
| 082 ## - DEWEY DECIMAL CLASSIFICATION NUMBER | |
| Classification number | 621.3815322 ROM'P |
| 100 ## - MAIN ENTRY--PERSONAL NAME | |
| Personal name | ROMBAUT, C, BAUSIERE, R, SEGUIER, GUY |
| 9 (RLIN) | 65781 |
| 245 ## - TITLE STATEMENT | |
| Title | POWER ELECTROICS CONVERTERS, AC-AC CONVERSION |
| 260 ## - PUBLICATION, DISTRIBUTION, ETC. | |
| Place of publication, distribution, etc. | KOGAN PAGE |
| Name of publisher, distributor, etc. | NORTH OXFORD |
| Date of publication, distribution, etc. | 1987 |
| 300 ## - PHYSICAL DESCRIPTION | |
| Extent | VOL-2 |
| 942 ## - ADDED ENTRY ELEMENTS (KOHA) | |
| Koha item type | Book |
| Withdrawn status | Lost status | Damaged status | Not for loan | Permanent Location | Current Location | Shelving location | Date acquired | Total Checkouts | Full call number | Barcode | Date last seen | Price effective from | Koha item type |
|---|---|---|---|---|---|---|---|---|---|---|---|---|---|
| College of Electrical & Mechanical Engineering (CEME) | College of Electrical & Mechanical Engineering (CEME) | General Stacks | 07/28/2017 | 621.3815322 ROM'P | CEME-22439 | 06/28/2021 | 06/28/2021 | Book |
